| 000 | 00513nam a2200193Ia 4500 | ||
|---|---|---|---|
| 003 | GCL | ||
| 008 | 140319s9999 xx 000 0 eng d | ||
| 040 |
_aGCL / _cGCL |
||
| 082 | 0 | 4 |
_a371.4 _bM F |
| 100 | 1 | _aMILLER, CARROLL H | |
| 245 | 1 | 0 |
_aFOUNDATIONS OF GUIDANCE / _cMILLER, CARROLL H |
| 700 | 1 | _aFOWLKES, JOHN GUY | |
| 260 |
_a[S.N] : _bHARPER AND BROTHERS PUBLISHERS ، _c1961 |
||
| 300 | _a464 P | ||
| 650 | 0 | 4 | _aGUIDANCE |
| 650 | 0 | 4 | _aEDUCATION |
| 650 | 0 | 4 | _aFOUNDATIONS OF GUIDANCE |
| 942 |
_2ddc _cBK |
||
| 999 |
_c13395 _d13395 |
||